[Event "Mecklenburg VP LL 1617"]
[Site "Mecklenburg VP"]
[Date "2016.11.20"]
[Round "3.2"]
[White "Schumacher, Dirk"]
[Black "Moritz, Hartmut"]
[Result "1-0"]
[WhiteElo "1971"]
[BlackElo "1844"]
[PlyCount "42"]
[EventDate "2016.10.16"]
[EventType "team-tourn"]
[EventRounds "9"]
[EventCountry "GER"]
[SourceTitle "EXT 2022"]
[Source "ChessBase"]
[SourceDate "2021.10.06"]
[SourceVersion "1"]
[SourceVersionDate "2021.10.06"]
[SourceQuality "1"]
[WhiteTeam "Warnemuende SF Ostsee"]
[BlackTeam "Rostock SSC 07 II"]
[WhiteTeamCountry "GER"]
[BlackTeamCountry "GER"]

1. e4 e6 2. c4 d5 3. exd5 exd5 4. cxd5 Qxd5 5. Nc3 Qe6+ 6. Be2 Nf6 7. Nf3 Bd6 8. 0-0 0-0 9. Re1 c6 10. d4 h6 11. Bd3 Qd7 12. Bc2 Na6 13. a3 Re8 14. Be3 Nc7 15. Qd2 Qg4 16. Ne5 Qh5 17. Bf4 Bf5 18. Bd1 Ng4 19. h3 Bxe5 20. Rxe5 Rxe5 21. Bxe5 Rd8 1-0

[Event "Mecklenburg VP LL 1617"]
[Site "Mecklenburg VP"]
[Date "2016.11.06"]
[Round "2.2"]
[White "Pruesse, Horst"]
[Black "Schumacher, Dirk"]
[Result "1-0"]
[WhiteElo "2040"]
[BlackElo "1971"]
[PlyCount "63"]
[EventDate "2016.10.16"]
[EventType "team-tourn"]
[EventRounds "9"]
[EventCountry "GER"]
[SourceTitle "EXT 2022"]
[Source "ChessBase"]
[SourceDate "2021.10.06"]
[SourceVersion "1"]
[SourceVersionDate "2021.10.06"]
[SourceQuality "1"]
[WhiteTeam "Neubrandenburg SG Eintracht"]
[BlackTeam "Warnemuende SF Ostsee"]
[WhiteTeamCountry "GER"]
[BlackTeamCountry "GER"]

1. e4 c5 2. Nc3 d6 3. f4 Nf6 4. Nf3 Bg4 5. Bb5+ Nc6 6. Bxc6+ bxc6 7. 0-0 d5 8. e5 Ne4 9. Qe1 Nxc3 10. bxc3 e6 11. Qg3 h5 12. h3 Bf5 13. d3 h4 14. Qf2 Be7 15. Bd2 Rb8 16. Rfb1 Rb6 17. Be3 Qb8 18. Rb3 Rxb3 19. axb3 Qb6 20. b4 d4 21. cxd4 cxb4 22. d5 Qb5 23. d6 Bd8 24. Nd4 Qb7 25. Nxf5 exf5 26. Rxa7 Qb8 27. Bc5 0-0 28. d7 b3 29. cxb3 Qxb3 30. Bxf8 Qb1+ 31. Kh2 Bb6 32. Bc5 1-0

[Event "Mecklenburg VP VL 1415"]
[Site "Mecklenburg VP"]
[Date "2015.01.18"]
[Round "5.3"]
[White "Zentgraf, Robert"]
[Black "Schumacher, Dirk"]
[Result "1-0"]
[WhiteElo "2115"]
[BlackElo "1955"]
[PlyCount "113"]
[EventDate "2014.09.21"]
[EventType "team-tourn"]
[EventRounds "9"]
[EventCountry "GER"]
[SourceTitle "EXT 2022"]
[Source "ChessBase"]
[SourceDate "2021.10.06"]
[SourceVersion "1"]
[SourceVersionDate "2021.10.06"]
[SourceQuality "1"]
[WhiteTeam "Torgelow Droegeheide"]
[BlackTeam "Warnemuende SF Ostsee"]
[WhiteTeamCountry "GER"]
[BlackTeamCountry "GER"]

1. Nf3 Nf6 2. c4 g6 3. g3 Bg7 4. Bg2 0-0 5. 0-0 c5 6. d4 cxd4 7. Nxd4 Nc6 8. Nc3 Qb6 9. Nb3 Qb4 10. c5 a5 11. Bd2 Qg4 12. a4 Rd8 13. Bf4 e5 14. h3 Qe6 15. Bg5 d6 16. Bxf6 Bxf6 17. Nd5 Rb8 18. Qd2 Be7 19. Nxa5 dxc5 20. Nxc6 bxc6 21. Nxe7+ Qxe7 22. Qc3 Rd4 23. Rfc1 Be6 24. e3 Rdb4 25. Qxc5 Qf6 26. Rc2 Bb3 27. Qxc6 Qxc6 28. Rxc6 Rxa4 29. Rxa4 Bxa4 30. Ra6 Rb4 31. Bd5 Bb3 32. Bxb3 Rxb3 33. Ra2 f5 34. Kf1 Kf7 35. Ra7+ Ke6 36. Rxh7 Rxb2 37. Ra7 Kf6 38. Ra6+ Kf7 39. Kg2 Rc2 40. Kf3 e4+ 41. Kg2 Rb2 42. g4 fxg4 43. hxg4 Rb4 44. Ra5 Kf6 45. g5+ Ke6 46. Kg3 Rb2 47. Ra6+ Kf5 48. Kh4 Ke5 49. Rf6 Ra2 50. Kg3 Ra1 51. Kg2 Rb1 52. Rxg6 Kf5 53. Rg8 Ra1 54. g6 Ra6 55. g7 Rg6+ 56. Kf1 Kg4 57. Re8 1-0

[Event "Mecklenburg VP VL 1314"]
[Site "Mecklenburg VP"]
[Date "2014.03.16"]
[Round "7.2"]
[White "Engel, Gunnar"]
[Black "Schumacher, Dirk"]
[Result "1/2-1/2"]
[WhiteElo "2040"]
[BlackElo "2000"]
[PlyCount "65"]
[EventDate "2013.10.20"]
[EventType "team-tourn"]
[EventRounds "9"]
[EventCountry "GER"]
[SourceTitle "EXT 2022"]
[Source "ChessBase"]
[SourceDate "2021.10.06"]
[SourceVersion "1"]
[SourceVersionDate "2021.10.06"]
[SourceQuality "1"]
[WhiteTeam "Rostock SSC 07 II"]
[BlackTeam "Warnemuende SF Ostsee"]
[WhiteTeamCountry "GER"]
[BlackTeamCountry "GER"]

1. e4 c5 2. Nf3 d6 3. d4 cxd4 4. Nxd4 Nf6 5. Nc3 a6 6. Be3 e5 7. Nf3 Be6 8. Ng5 Qd7 9. Nxe6 Qxe6 10. a4 Nbd7 11. Be2 Rc8 12. Bf3 Qc4 13. a5 Be7 14. Ra4 Qc7 15. 0-0 0-0 16. Ra1 Rfd8 17. g4 Kh8 18. g5 Ng8 19. Bg4 f6 20. Be6 Rf8 21. Qg4 fxg5 22. Bb6 Nxb6 23. axb6 Qc5 24. Bxc8 Rxc8 25. Qd7 Qc6 26. Qxc6 Rxc6 27. Nd5 Bd8 28. Ra3 Nf6 29. Rc3 Rxc3 30. Nxc3 Bxb6 31. Rd1 Bd4 32. Ne2 Bc5 33. Nc3 1/2-1/2

[Event "Mecklenburg VP VL 1314"]
[Site "Mecklenburg VP"]
[Date "2013.11.10"]
[Round "2.2"]
[White "Schumacher, Dirk"]
[Black "Zentgraf, Robert"]
[Result "0-1"]
[WhiteElo "2000"]
[BlackElo "2076"]
[PlyCount "74"]
[EventDate "2013.10.20"]
[EventType "team-tourn"]
[EventRounds "9"]
[EventCountry "GER"]
[SourceTitle "EXT 2022"]
[Source "ChessBase"]
[SourceDate "2021.10.06"]
[SourceVersion "1"]
[SourceVersionDate "2021.10.06"]
[SourceQuality "1"]
[WhiteTeam "Warnemuende SF Ostsee"]
[BlackTeam "Torgelow Droegeheide"]
[WhiteTeamCountry "GER"]
[BlackTeamCountry "GER"]

1. b4 e5 2. Bb2 Bxb4 3. Bxe5 Nf6 4. Nf3 0-0 5. e3 Re8 6. Bb2 d5 7. Be2 c5 8. 0-0 Nc6 9. d4 c4 10. Ne5 Bd6 11. Nd2 Qa5 12. Rb1 Qc7 13. f4 Ne7 14. Bc3 Nd7 15. e4 Nb6 16. f5 f6 17. Ng4 Na4 18. Rf3 dxe4 19. Nxe4 Bxf5 20. Nxd6 Qxd6 21. Bb4 Qd7 22. Bxc4+ Kh8 23. Ne3 Bg6 24. Qd2 Nb6 25. Bb3 Rad8 26. Rd1 Ned5 27. Ba3 Bh5 28. Nxd5 Nxd5 29. Rdf1 Bxf3 30. Rxf3 b5 31. Qd3 b4 32. Bb2 Nc3 33. d5 Re1+ 34. Kf2 Rde8 35. Bxc3 bxc3 36. Qxc3 R1e2+ 37. Kg1 Qg4 0-1

[Event "Mecklenburg VP VL 1213"]
[Site "Mecklenburg VP"]
[Date "2013.03.17"]
[Round "7.2"]
[White "Kesten, Sebastian"]
[Black "Schumacher, Dirk"]
[Result "1-0"]
[WhiteElo "2218"]
[BlackElo "2017"]
[PlyCount "107"]
[EventDate "2012.10.14"]
[EventType "team-tourn"]
[EventRounds "9"]
[EventCountry "GER"]
[SourceTitle "EXT 2022"]
[Source "ChessBase"]
[SourceDate "2021.10.06"]
[SourceVersion "1"]
[SourceVersionDate "2021.10.06"]
[SourceQuality "1"]
[WhiteTeam "Schwerin SF"]
[BlackTeam "Warnemuende SF Ostsee"]
[WhiteTeamCountry "GER"]
[BlackTeamCountry "GER"]

1. Nf3 Nf6 2. g3 g6 3. Bg2 Bg7 4. 0-0 0-0 5. c4 c5 6. Nc3 Nc6 7. d3 d5 8. cxd5 Nxd5 9. Nxd5 Qxd5 10. Be3 Qd6 11. Rc1 Nd4 12. Nd2 Bg4 13. Re1 Rad8 14. Ne4 Qa6 15. h3 Bc8 16. Nxc5 Qxa2 17. Qd2 Nb3 18. Nxb3 Qxb3 19. Bxa7 Qxb2 20. Qxb2 Bxb2 21. Rb1 Bf6 22. h4 Rd6 23. Bb6 Bg4 24. Bxb7 Re6 25. e3 g5 26. hxg5 Bxg5 27. f3 Rb8 28. Ba7 Rxb7 29. Rxb7 Bxf3 30. Rb8+ Kg7 31. Bd4+ f6 32. Kf2 Bh5 33. Rb6 Rxb6 34. Bxb6 Bg6 35. Ke2 Kf7 36. Ra1 Bh5+ 37. Kd2 f5 38. Kc3 Bf6+ 39. Bd4 Bxd4+ 40. Kxd4 Kf6 41. Rh1 Bg6 42. Kd5 h5 43. d4 Bf7+ 44. Kc6 Kg5 45. Kd7 Bd5 46. Rh4 e6 47. Kd6 Bb3 48. Ke5 Bd5 49. Rf4 Bb3 50. e4 fxe4 51. Rxe4 Bd5 52. Rf4 Bb3 53. Rf6 Kg4 54. Rg6+ 1-0

[Event "Mecklenburg VP VL 1213"]
[Site "Mecklenburg VP"]
[Date "2013.01.13"]
[Round "5.2"]
[White "Rossmann, Andreas"]
[Black "Schumacher, Dirk"]
[Result "1/2-1/2"]
[WhiteElo "2009"]
[BlackElo "2017"]
[PlyCount "66"]
[EventDate "2012.10.14"]
[EventType "team-tourn"]
[EventRounds "9"]
[EventCountry "GER"]
[SourceTitle "EXT 2022"]
[Source "ChessBase"]
[SourceDate "2021.10.06"]
[SourceVersion "1"]
[SourceVersionDate "2021.10.06"]
[SourceQuality "1"]
[WhiteTeam "Neubrandenburg SG Eintracht"]
[BlackTeam "Warnemuende SF Ostsee"]
[WhiteTeamCountry "GER"]
[BlackTeamCountry "GER"]

1. Nf3 Nf6 2. g3 g6 3. Bg2 Bg7 4. 0-0 0-0 5. d4 d5 6. Ne5 c5 7. c3 cxd4 8. cxd4 Nc6 9. Nc3 Be6 10. Nxc6 bxc6 11. Qa4 Qb6 12. Rd1 Bd7 13. Qa3 e5 14. Na4 Qa6 15. e3 exd4 16. exd4 Qe2 17. Be3 Qh5 18. Nc5 Bh3 19. Nd3 g5 20. Ne5 Bxg2 21. Kxg2 Rae8 22. h3 Re6 23. Rh1 Ne4 24. Nf3 f5 25. h4 f4 26. hxg5 Qxf3+ 27. Kxf3 fxe3+ 28. Kg2 Rxf2+ 29. Kg1 Bxd4 30. Qb4 Nxg5 31. Rh5 Re5 32. Rxg5+ Rxg5 33. Qxd4 Rxg3+ 1/2-1/2

[Event "Mecklenburg VP VL 1213"]
[Site "Mecklenburg VP"]
[Date "2012.12.09"]
[Round "4.2"]
[White "Schumacher, Dirk"]
[Black "Moeller, Peter"]
[Result "1/2-1/2"]
[WhiteElo "2017"]
[BlackElo "1975"]
[PlyCount "95"]
[EventDate "2012.10.14"]
[EventType "team-tourn"]
[EventRounds "9"]
[EventCountry "GER"]
[SourceTitle "EXT 2022"]
[Source "ChessBase"]
[SourceDate "2021.10.06"]
[SourceVersion "1"]
[SourceVersionDate "2021.10.06"]
[SourceQuality "1"]
[WhiteTeam "Warnemuende SF Ostsee"]
[BlackTeam "Rostock HSG Uni"]
[WhiteTeamCountry "GER"]
[BlackTeamCountry "GER"]

1. b4 d5 2. Nf3 Bf5 3. e3 Nf6 4. Bb2 e6 5. b5 Be7 6. Be2 h6 7. 0-0 0-0 8. c4 a6 9. Qb3 Nbd7 10. d4 dxc4 11. Bxc4 axb5 12. Bxb5 c6 13. Be2 Qb6 14. Nbd2 Ra7 15. Ne5 Rfa8 16. Nxd7 Nxd7 17. e4 Qxb3 18. axb3 Bg6 19. f3 Bb4 20. Nc4 f6 21. Rxa7 Rxa7 22. Ra1 Rxa1+ 23. Bxa1 Bf7 24. Ne3 e5 25. Bc4 exd4 26. Bxd4 Bc5 27. Bxc5 Nxc5 28. b4 Bxc4 29. bxc5 Be6 30. Kf2 Kf7 31. Ke2 Ke7 32. Kd3 Kd7 33. Nc2 Kc7 34. Nd4 Bd7 35. f4 b6 36. cxb6+ Kxb6 37. e5 fxe5 38. fxe5 c5 39. e6 cxd4 40. exd7 Kc7 41. Kxd4 Kxd7 42. Ke5 Ke7 43. h4 Kf7 44. Kf5 Kg8 45. Ke6 Kf8 46. g3 Ke8 47. g4 Kf8 48. g5 1/2-1/2

[Event "Mecklenburg VP VL 1213"]
[Site "Mecklenburg VP"]
[Date "2012.11.25"]
[Round "3.2"]
[White "Zentgraf, Robert"]
[Black "Schumacher, Dirk"]
[Result "1-0"]
[WhiteElo "2087"]
[BlackElo "2017"]
[PlyCount "29"]
[EventDate "2012.10.14"]
[EventType "team-tourn"]
[EventRounds "9"]
[EventCountry "GER"]
[SourceTitle "EXT 2022"]
[Source "ChessBase"]
[SourceDate "2021.10.06"]
[SourceVersion "1"]
[SourceVersionDate "2021.10.06"]
[SourceQuality "1"]
[WhiteTeam "Torgelow Droegeheide"]
[BlackTeam "Warnemuende SF Ostsee"]
[WhiteTeamCountry "GER"]
[BlackTeamCountry "GER"]

1. e4 e5 2. Nf3 f5 3. Nxe5 Qf6 4. Nc4 fxe4 5. Nc3 Qg6 6. Ne3 c6 7. d3 Bb4 8. dxe4 Qxe4 9. Bd3 Qe5 10. 0-0 d5 11. Nexd5 Bxc3 12. Nxc3 Ne7 13. Re1 Qf6 14. Qh5+ g6 15. Bg5 1-0

[Event "Mecklenburg VP VL 1112"]
[Site "Mecklenburg VP"]
[Date "2012.02.26"]
[Round "7.2"]
[White "Schumacher, Dirk"]
[Black "Lehmann, Ruben"]
[Result "1-0"]
[WhiteElo "2012"]
[BlackElo "1936"]
[PlyCount "61"]
[EventDate "2011.10.02"]
[EventType "team-tourn"]
[EventRounds "9"]
[EventCountry "GER"]
[SourceTitle "EXT 2022"]
[Source "ChessBase"]
[SourceDate "2021.10.06"]
[SourceVersion "1"]
[SourceVersionDate "2021.10.06"]
[SourceQuality "1"]
[WhiteTeam "Warnemuende SF Ostsee"]
[BlackTeam "Torgelow Droegeheide"]
[WhiteTeamCountry "GER"]
[BlackTeamCountry "GER"]

1. e4 c6 2. c4 e6 3. Nc3 d5 4. d4 dxe4 5. Nxe4 Bb4+ 6. Nc3 Nf6 7. Nf3 0-0 8. Bd3 c5 9. 0-0 cxd4 10. Nxd4 Bxc3 11. bxc3 e5 12. Nb3 Qc7 13. Bg5 Bg4 14. f3 Bh5 15. Bxf6 Qb6+ 16. Kh1 Qxf6 17. Nc5 Qc6 18. Ne4 Nd7 19. Qe2 Nc5 20. Ng3 Nxd3 21. Nxh5 Qxc4 22. Rab1 b6 23. Rb4 Qxc3 24. Rg4 Nf4 25. Rxg7+ Kh8 26. Qe4 f5 27. Qb7 Nxh5 28. Rxh7+ Kg8 29. Rxh5 Rfd8 30. Qh7+ Kf8 31. Rxf5+ 1-0

[Event "Mecklenburg VP VL 1112"]
[Site "Mecklenburg VP"]
[Date "2011.10.02"]
[Round "1.2"]
[White "Jaeger, Tobias"]
[Black "Schumacher, Dirk"]
[Result "1-0"]
[WhiteElo "1976"]
[BlackElo "2012"]
[PlyCount "65"]
[EventDate "2011.10.02"]
[EventType "team-tourn"]
[EventRounds "9"]
[EventCountry "GER"]
[SourceTitle "EXT 2022"]
[Source "ChessBase"]
[SourceDate "2021.10.06"]
[SourceVersion "1"]
[SourceVersionDate "2021.10.06"]
[SourceQuality "1"]
[WhiteTeam "Neubrandenburg SG Eintracht"]
[BlackTeam "Warnemuende SF Ostsee"]
[WhiteTeamCountry "GER"]
[BlackTeamCountry "GER"]

1. d4 Nf6 2. c4 g6 3. Nc3 d5 4. Nf3 Bg7 5. Qb3 dxc4 6. Qxc4 0-0 7. e4 Bg4 8. Be3 Bxf3 9. gxf3 Nbd7 10. Rd1 c6 11. Bh3 Qa5 12. e5 Nxe5 13. dxe5 Qxe5 14. Qc5 Qc7 15. 0-0 b6 16. Qc4 Rad8 17. Bf4 Qb7 18. Be5 c5 19. f4 Qf3 20. Bg2 Qh5 21. h3 Qh4 22. b3 Nh5 23. Bxg7 Kxg7 24. Ne2 Qf6 25. Bf3 Rg8 26. Bxh5 Rxd1 27. Rxd1 gxh5 28. Kh2 Kh6 29. Qe4 e6 30. Qe5 Qh4 31. Ng3 Rg4 32. Rg1 Rg6 33. f5 1-0

[Event "Mecklenburg VP VL 1011"]
[Site "Mecklenburg VP"]
[Date "2011.04.10"]
[Round "9.2"]
[White "Voelsgen, Georg"]
[Black "Schumacher, Dirk"]
[Result "0-1"]
[WhiteElo "1996"]
[BlackElo "2004"]
[PlyCount "124"]
[EventDate "2010.10.10"]
[EventType "team-tourn"]
[EventRounds "9"]
[EventCountry "GER"]
[SourceTitle "EXT 2022"]
[Source "ChessBase"]
[SourceDate "2021.10.06"]
[SourceVersion "1"]
[SourceVersionDate "2021.10.06"]
[SourceQuality "1"]
[WhiteTeam "Gryps SV"]
[BlackTeam "Warnemuende SF Ostsee"]
[WhiteTeamCountry "GER"]
[BlackTeamCountry "GER"]

1. e4 c5 2. Nc3 d6 3. f4 Nc6 4. Nf3 g6 5. Bc4 Bg7 6. 0-0 Nh6 7. d3 0-0 8. f5 gxf5 9. Bxh6 Bxh6 10. Qe1 fxe4 11. dxe4 Kh8 12. Qh4 Be3+ 13. Kh1 e6 14. Qh5 Qf6 15. Rad1 Ne5 16. Nxe5 Qxe5 17. Qf3 Bd4 18. Nb5 Bd7 19. c3 Bc6 20. cxd4 cxd4 21. Qf6+ Qxf6 22. Rxf6 Kg7 23. Rf4 Bxb5 24. Bxb5 e5 25. Rg4+ Kf6 26. Bc4 Rac8 27. b3 b5 28. Bxb5 Rc2 29. a4 Ke7 30. Rg7 Rc3 31. Bc4 Re3 32. Bd5 h5 33. Rf1 d3 34. Rg3 Rxg3 35. hxg3 Rc8 36. Bc4 f5 37. Bxd3 Rc3 38. Rf3 Rxb3 39. exf5 Kf6 40. Be4 Rb4 41. Bc6 Rc4 42. Be8 d5 43. Rf1 d4 44. Bxh5 d3 45. Bd1 e4 46. Kg1 e3 47. Rf3 Rc1 48. Rxe3 Rxd1+ 49. Kf2 Kxf5 50. Re7 Ra1 51. Rd7 Ke4 52. Re7+ Kd4 53. Rxa7 d2 54. Rd7+ Kc3 55. g4 d1Q 56. Rxd1 Rxd1 57. Kf3 Kd4 58. Kf4 Rf1+ 59. Kg5 Ke5 60. Kg6 Rf6+ 61. Kg7 Ra6 62. g5 Kf5 0-1

[Event "Mecklenburg VP VL 1011"]
[Site "Mecklenburg VP"]
[Date "2011.01.23"]
[Round "6.3"]
[White "Stutz, Reno"]
[Black "Schumacher, Dirk"]
[Result "0-1"]
[WhiteElo "1902"]
[BlackElo "2004"]
[PlyCount "134"]
[EventDate "2010.10.10"]
[EventType "team-tourn"]
[EventRounds "9"]
[EventCountry "GER"]
[SourceTitle "EXT 2022"]
[Source "ChessBase"]
[SourceDate "2021.10.06"]
[SourceVersion "1"]
[SourceVersionDate "2021.10.06"]
[SourceQuality "1"]
[WhiteTeam "Wismar ASV Gruen-Weiss"]
[BlackTeam "Warnemuende SF Ostsee"]
[WhiteTeamCountry "GER"]
[BlackTeamCountry "GER"]

1. d4 Nf6 2. Nf3 g6 3. Nc3 d5 4. Bf4 Bg7 5. Qd2 Ne4 6. Nxe4 dxe4 7. Ne5 0-0 8. 0-0-0 Nc6 9. Bh6 Qxd4 10. Bxg7 Qxd2+ 11. Rxd2 Kxg7 12. Nxc6 bxc6 13. e3 Be6 14. Be2 Rfd8 15. Rhd1 Rd6 16. Rd4 f5 17. Ra4 Kf6 18. Ra6 Ke5 19. Rxd6 Kxd6 20. b4 Bc8 21. Ra5 Bd7 22. a3 e5 23. Kd2 Be6 24. Ra6 f4 25. b5 Bd7 26. bxc6 Be6 27. Ra4 Bd5 28. Bb5 Kc5 29. c4 Bxc6 30. Bxc6 Kxc6 31. Ra6+ Kc5 32. Kc3 Rd8 33. Ra5+ Kb6 34. Rxe5 Rd3+ 35. Kb4 fxe3 36. fxe3 Rxe3 37. Re6+ Kb7 38. a4 Re2 39. g4 e3 40. Kc3 Rxh2 41. Rxe3 Rh4 42. g5 Rh5 43. Re7 Kb6 44. a5+ Kxa5 45. Rxc7 Kb6 46. Rd7 a6 47. Rd6+ Kc5 48. Rd5+ Kc6 49. Kb4 Rh1 50. Re5 Rb1+ 51. Kc3 Ra1 52. Re7 Ra5 53. Rxh7 Rxg5 54. Kb4 Rg1 55. Rg7 Kb6 56. c5+ Kc6 57. Rg8 Rg4+ 58. Ka5 Kxc5 59. Kxa6 g5 60. Kb7 Kd5 61. Kc7 Ke5 62. Kd7 Rd4+ 63. Ke7 g4 64. Rg5+ Kf4 65. Rg8 g3 66. Ke6 Kf3 67. Ke5 Rg4 0-1

[Event "Mecklenburg VP VL 1011"]
[Site "Mecklenburg VP"]
[Date "2010.10.10"]
[Round "1.3"]
[White "Hubert, Peter"]
[Black "Schumacher, Dirk"]
[Result "1/2-1/2"]
[WhiteElo "1989"]
[BlackElo "2004"]
[PlyCount "89"]
[EventDate "2010.10.10"]
[EventType "team-tourn"]
[EventRounds "9"]
[EventCountry "GER"]
[SourceTitle "EXT 2022"]
[Source "ChessBase"]
[SourceDate "2021.10.06"]
[SourceVersion "1"]
[SourceVersionDate "2021.10.06"]
[SourceQuality "1"]
[WhiteTeam "Stralsund FHSG"]
[BlackTeam "Warnemuende SF Ostsee"]
[WhiteTeamCountry "GER"]
[BlackTeamCountry "GER"]

1. c4 Nf6 2. g3 g6 3. Bg2 Bg7 4. Nc3 0-0 5. Nf3 c6 6. 0-0 d5 7. cxd5 cxd5 8. d4 Nc6 9. h3 Ne4 10. e3 h6 11. Nxe4 dxe4 12. Nd2 f5 13. Qb3+ Kh8 14. Rd1 e5 15. dxe5 Qe7 16. Nf1 Be6 17. Qb5 a6 18. Qb6 Nxe5 19. Bd2 Nc4 20. Qb4 Qxb4 21. Bxb4 Rfc8 22. Bc3 Nxb2 23. Bxg7+ Kxg7 24. Rd6 Rc6 25. Rxc6 bxc6 26. f3 exf3 27. Bxf3 Rc8 28. Rc1 c5 29. Bb7 Rc7 30. Bxa6 c4 31. Nd2 Ra7 32. Bb5 Ra5 33. a4 Nxa4 34. Bxc4 Rc5 35. Rc2 Kf6 36. Kf2 g5 37. Ke2 Bd5 38. Kd3 Ke5 39. Bxd5 Rxc2 40. Kxc2 Kxd5 41. Kd3 Nc5+ 42. Ke2 Ne4 43. g4 Ke5 44. Nf3+ Kf6 45. Nd4 1/2-1/2

[Event "Mecklenburg VP LL 0809"]
[Site "Mecklenburg VP"]
[Date "2008.10.05"]
[Round "1.1"]
[White "Hodl, Ingolf"]
[Black "Schumacher, Dirk"]
[Result "0-1"]
[WhiteElo "2019"]
[BlackElo "2084"]
[PlyCount "82"]
[EventDate "2008.10.05"]
[EventType "team-tourn"]
[EventRounds "9"]
[EventCountry "GER"]
[SourceTitle "EXT 2022"]
[Source "ChessBase"]
[SourceDate "2021.10.06"]
[SourceVersion "1"]
[SourceVersionDate "2021.10.06"]
[SourceQuality "1"]
[WhiteTeam "Rostock SSC 07 II"]
[BlackTeam "Warnemuende SF Ostsee"]
[WhiteTeamCountry "GER"]
[BlackTeamCountry "GER"]

1. e4 c5 2. Nf3 d6 3. d4 cxd4 4. Nxd4 Nf6 5. Nc3 a6 6. Be2 e5 7. Nf3 Be7 8. 0-0 b5 9. Bg5 Nbd7 10. a4 b4 11. Nd5 Nxd5 12. Qxd5 Nb6 13. Bxe7 Kxe7 14. Qd2 Qc7 15. Rfd1 Be6 16. Qxb4 Rhb8 17. Qa3 Bc4 18. Bd3 Bxd3 19. Rxd3 Nc4 20. Qc3 Rxb2 21. Nd2 Rab8 22. Qxc4 Rb1+ 23. Rxb1 Rxb1+ 24. Nxb1 Qxc4 25. Nc3 g6 26. g4 Ke6 27. g5 Qb4 28. Rf3 Qb2 29. Rf6+ Ke7 30. Nd5+ Kf8 31. h4 h6 32. f4 Qc1+ 33. Kf2 Qxc2+ 34. Ke3 Qb3+ 35. Kf2 Qh3 36. Rxd6 Qxh4+ 37. Ke2 hxg5 38. Nf6 Qh2+ 39. Ke1 Qg3+ 40. Ke2 gxf4 41. Rxa6 Qe3+ 0-1

[Event "Mecklenburg VP LL 0708"]
[Site "Mecklenburg VP"]
[Date "2008.02.10"]
[Round "6.1"]
[White "Schumacher, Dirk"]
[Black "Beerbaum, Joerg"]
[Result "1-0"]
[WhiteElo "2042"]
[BlackElo "2130"]
[PlyCount "83"]
[EventDate "2007.10.21"]
[EventType "team-tourn"]
[EventRounds "9"]
[EventCountry "GER"]
[SourceTitle "EXT 2016"]
[Source "ChessBase"]
[SourceDate "2015.10.08"]
[SourceVersion "1"]
[SourceVersionDate "2015.10.08"]
[SourceQuality "1"]
[WhiteTeam "Warnemuende SF Ostsee"]
[BlackTeam "Ludwigslust Post SV"]
[WhiteTeamCountry "GER"]
[BlackTeamCountry "GER"]

1. b4 e5 2. Bb2 Bxb4 3. Bxe5 Nf6 4. Nf3 0-0 5. e3 d5 6. Be2 Re8 7. 0-0 Bf8 8. c4 Nc6 9. Bxf6 Qxf6 10. Nc3 dxc4 11. Bxc4 Na5 12. Qa4 Nc6 13. Rab1 Bd6 14. Bd5 Rf8 15. d4 Nd8 16. e4 Bf4 17. e5 Qe7 18. Be4 c6 19. Bd3 b5 20. Qc2 f5 21. exf6 gxf6 22. Rfe1 Qg7 23. Re4 Bd6 24. Rh4 f5 25. Rh5 Qf7 26. Rh6 Bf4 27. Rh4 Bd6 28. Qd2 Ne6 29. d5 Nc5 30. Bc2 Be7 31. Rh3 cxd5 32. Nxd5 Bb7 33. Rg3+ Kh8 34. Qd4+ Bf6 35. Nxf6 Qxf6 36. Qxc5 Rac8 37. Qxa7 Bxf3 38. gxf3 Rxc2 39. Rxb5 Rc4 40. Rxf5 Qa1+ 41. Kg2 Rg8 42. Rxg8+ 1-0

[Event "Mecklenburg VP-ch Meister"]
[Site "Nakensdorf"]
[Date "2007.04.09"]
[Round "9.4"]
[White "Roehl, Rainer"]
[Black "Schumacher, Dirk"]
[Result "0-1"]
[WhiteElo "2168"]
[BlackElo "2032"]
[PlyCount "98"]
[EventDate "2007.04.05"]
[EventType "swiss"]
[EventRounds "9"]
[EventCountry "GER"]
[SourceTitle "EXT 2015"]
[Source "ChessBase"]
[SourceDate "2014.11.20"]
[SourceVersion "1"]
[SourceVersionDate "2014.11.20"]
[SourceQuality "1"]

1. d4 Nf6 2. Nf3 g6 3. Bf4 Bg7 4. e3 0-0 5. c4 d5 6. Nc3 c5 7. dxc5 Qa5 8. Rc1 dxc4 9. Bxc4 Nc6 10. 0-0 Qxc5 11. Nb5 Qh5 12. Nc7 Rb8 13. Ng5 e5 14. Qxh5 Nxh5 15. Bg3 Bf5 16. e4 Bh6 17. Nxf7 Bxc1 18. exf5 Bxb2 19. Bxe5 Nxe5 20. Nxe5+ Kh8 21. Nd7 Rbc8 22. Nxf8 Rxc7 23. Bb3 gxf5 24. Ne6 Re7 25. Rd1 Ng7 26. Ng5 h6 27. Nf7+ Kh7 28. h3 Ba3 29. g4 Kg6 30. Nd6 fxg4 31. hxg4 Kg5 32. f3 Kf4 33. Bc4 Kxf3 34. Nf5 Rc7 35. Nxg7 Rxc4 36. Rd3+ Ke2 37. Rxa3 Rxg4+ 38. Kh2 Rxg7 39. Rxa7 Kf3 40. Ra3+ Ke4 41. Rb3 Kd5 42. Rb6 Kc5 43. Rxh6 Kb4 44. Rh3 b5 45. Rb3+ Ka4 46. Rb2 b4 47. Kh3 Rb7 48. Kg4 Ka3 49. Rh2 Rf7 0-1

[Event "Mecklenburg VP-ch Meister"]
[Site "Nakensdorf"]
[Date "2007.04.08"]
[Round "8.3"]
[White "Kesten, Sebastian"]
[Black "Schumacher, Dirk"]
[Result "1-0"]
[WhiteElo "2017"]
[BlackElo "2032"]
[PlyCount "73"]
[EventDate "2007.04.05"]
[EventType "swiss"]
[EventRounds "9"]
[EventCountry "GER"]
[SourceTitle "EXT 2015"]
[Source "ChessBase"]
[SourceDate "2014.11.20"]
[SourceVersion "1"]
[SourceVersionDate "2014.11.20"]
[SourceQuality "1"]

1. d4 Nf6 2. c4 g6 3. Nc3 d5 4. Nf3 Bg7 5. Bg5 Ne4 6. cxd5 Nxg5 7. Nxg5 e6 8. Nf3 exd5 9. e3 0-0 10. Bd3 f5 11. 0-0 c6 12. h3 Nd7 13. Rc1 Nf6 14. Ne5 Ne4 15. f4 Bxe5 16. dxe5 Qb6 17. Bxe4 Qxe3+ 18. Kh2 fxe4 19. Qe2 Qxe2 20. Nxe2 Kf7 21. g4 Ke7 22. Nd4 Bd7 23. f5 Rac8 24. b4 b6 25. Rf2 c5 26. bxc5 bxc5 27. f6+ Kf7 28. Nb3 d4 29. Nxc5 Rc7 30. Rd2 Rfc8 31. Rxd4 Be6 32. Nxe6 Rxc1 33. Ng5+ Ke8 34. e6 h6 35. Nxe4 Kf8 36. e7+ Kf7 37. Rd8 1-0

[Event "Mecklenburg VP-ch Meister"]
[Site "Nakensdorf"]
[Date "2007.04.06"]
[Round "3.1"]
[White "Schumacher, Dirk"]
[Black "Dettmann, Gerd"]
[Result "1/2-1/2"]
[WhiteElo "2032"]
[BlackElo "2153"]
[PlyCount "65"]
[EventDate "2007.04.05"]
[EventType "swiss"]
[EventRounds "9"]
[EventCountry "GER"]
[SourceTitle "EXT 2015"]
[Source "ChessBase"]
[SourceDate "2014.11.20"]
[SourceVersion "1"]
[SourceVersionDate "2014.11.20"]
[SourceQuality "1"]

1. b4 d5 2. Nf3 Bf5 3. e3 Nf6 4. Bb2 Nbd7 5. c4 e6 6. c5 c6 7. Be2 Be7 8. 0-0 h6 9. Nd4 Bh7 10. f4 Qc7 11. Nf3 0-0 12. Ne5 b6 13. Qa4 Nxe5 14. Bxe5 Qd8 15. Rc1 bxc5 16. bxc5 Ne4 17. Bd4 Qd7 18. d3 Nf6 19. Nd2 Rfc8 20. Rab1 Ne8 21. Qc2 f6 22. Rb3 Qc7 23. Rcb1 Rcb8 24. Nf3 Qc8 25. Qb2 Rxb3 26. Qxb3 Nc7 27. Qb7 Qxb7 28. Rxb7 Bd8 29. a4 Na6 30. Nh4 Kf8 31. Bg4 Nc7 32. Be2 Na6 33. Bg4 1/2-1/2